Dede Korkut Kitabı. (Record no. 46227)
[ view plain ]
| 000 -LEADER | |
|---|---|
| fixed length control field | 01041cam a22002771 4500 |
| 001 - CONTROL NUMBER | |
| control field | ne 63001788 |
| 003 - CONTROL NUMBER IDENTIFIER | |
| control field | DLC |
| 005 - DATE AND TIME OF LATEST TRANSACTION | |
| control field | 20260227111749.0 |
| 008 - FIXED-LENGTH DATA ELEMENTS--GENERAL INFORMATION | |
| fixed length control field | 750716s1958 xx 000 0 tur |
| 010 ## - LIBRARY OF CONGRESS CONTROL NUMBER | |
| LC control number | ne 63001788 |
| 035 ## - SYSTEM CONTROL NUMBER | |
| System control number | (OCoLC)1451426 |
| 040 ## - CATALOGING SOURCE | |
| Original cataloging agency | DLC |
| Transcribing agency | PPT |
| Modifying agency | OCoLC |
| -- | TxU |
| -- | DLC |
| 042 ## - AUTHENTICATION CODE | |
| Authentication code | premarc |
| 050 00 - LIBRARY OF CONGRESS CALL NUMBER | |
| Classification number | PL248 |
| Item number | .K54 1958 |
| 130 0# - MAIN ENTRY--UNIFORM TITLE | |
| Uniform title | Kitab-ı Dede Korkut. |
| 245 10 - TITLE STATEMENT | |
| Title | Dede Korkut Kitabı. |
| Statement of responsibility, etc. | [Hazırlayan] Muharrem Ergin. |
| 260 ## - PUBLICATION, DISTRIBUTION, ETC. | |
| Place of publication, distribution, etc. | Ankara, |
| Name of publisher, distributor, etc. | Türk Tarih Kurumu Basımevi, |
| Date of publication, distribution, etc. | 1958- |
| 300 ## - PHYSICAL DESCRIPTION | |
| Extent | v. |
| Other physical details | facsims. |
| Dimensions | 25 cm. |
| 490 1# - SERIES STATEMENT | |
| Series statement | Türk Dil Kurumu yayınlarından, sayı 1969 |
| 500 ## - GENERAL NOTE | |
| General note | Vol. 1 contains facsims. of the mss. located at the Dresden Library (Ea 86) and the Vatican Library (Turco 102) |
| 505 0# - FORMATTED CONTENTS NOTE | |
| Formatted contents note | Giriş. Metin. Faksimile. |
| 700 1# - ADDED ENTRY--PERSONAL NAME | |
| Personal name | Ergin, Muharrem, |
| Relator term | ed. |
| 710 2# - ADDED ENTRY--CORPORATE NAME | |
| Corporate name or jurisdiction name as entry element | Biblioteca apostolica vaticana. |
| Form subheading | Mss. |
| Title of a work | (Turco 102) |
| 710 2# - ADDED ENTRY--CORPORATE NAME | |
| Corporate name or jurisdiction name as entry element | Sächsische Landesbibliothek (Dresden, Germany). |
| Form subheading | Mss. |
| Title of a work | (Ea 86) |
| 810 2# - SERIES ADDED ENTRY--CORPORATE NAME | |
| Corporate name or jurisdiction name as entry element | Türk Dil Kurumu. |
| Title of a work | Türk Dil Kurumu yayınlarından ; |
| Volume/sequential designation | sayı 169. |
No items available.